[Event "Warren Decemb op"]
[Site "Warren"]
[Date "2003.12.13"]
[Round "1"]
[White "Fox, Darren"]
[Black "Almasy, Roy"]
[Result "0-1"]
[WhiteElo "387"]
[BlackElo "1683"]
[PlyCount "42"]
[EventDate "2003.12.13"]
[EventType "swiss (rapid)"]
[EventRounds "6"]
[EventCountry "USA"]
[SourceTitle "EXT 2008"]
[Source "ChessBase"]
[SourceDate "2007.11.25"]
[SourceVersion "1"]
[SourceVersionDate "2007.11.25"]
[SourceQuality "1"]

1. e4 e5 2. Bc4 Bc5 3. Nc3 Nc6 4. d3 d6 5. Be3 Bxe3 6. fxe3 Nf6 7. Nge2 Bg4 8. a4 Nh5 9. b4 Qh4+ 10. Ng3 Bxd1 11. Nxd1 Nxg3 12. Nf2 Nxh1 13. 0-0-0 Nxf2 14. g3 Qg5 15. d4 Qxe3+ 16. Rd2 Qe1+ 17. Kb2 Qxd2 18. d5 Nd4 19. b5 Nd1+ 20. Ka3 Qc3+ 21. Ka2 Qb2# 0-1

[Event "Auburn Hills op"]
[Site "Auburn Hills"]
[Date "2003.04.26"]
[Round "2"]
[White "Almasy, Roy"]
[Black "Haney, Mark A"]
[Result "0-1"]
[WhiteElo "1429"]
[BlackElo "1514"]
[PlyCount "58"]
[EventDate "2003.04.26"]
[EventType "swiss"]
[EventRounds "5"]
[EventCountry "USA"]
[SourceTitle "EXT 2007"]
[Source "ChessBase"]
[SourceDate "2006.11.23"]
[SourceVersion "1"]
[SourceVersionDate "2006.11.23"]
[SourceQuality "1"]

1. e4 e5 2. Nf3 Nc6 3. Bb5 a6 4. Bxc6 dxc6 5. 0-0 Qd6 6. d3 Bg4 7. Nbd2 b5 8. h3 Bh5 9. b3 f6 10. a4 Be7 11. g4 Bf7 12. Re1 h5 13. Nf1 hxg4 14. hxg4 Be6 15. Ne3 Nh6 16. Nh4 Qd7 17. Nef5 Nxf5 18. Nxf5 Bb4 19. Bd2 Bxd2 20. Qxd2 g6 21. Ng3 Bxg4 22. Qe3 Qh7 23. Qc5 Qh2+ 24. Kf1 Qh3+ 25. Kg1 Bf3 26. Qxc6+ Kf7 27. Qxc7+ Kg8 28. Qg7+ Kxg7 29. Nf5+ gxf5 0-1

[Event "Lansing op"]
[Site "Lansing"]
[Date "2002.08.31"]
[Round "2"]
[White "Almasy, Roy"]
[Black "Brooks, Randall"]
[Result "1-0"]
[WhiteElo "1333"]
[BlackElo "1240"]
[PlyCount "69"]
[EventDate "2002.08.30"]
[EventType "swiss"]
[EventRounds "7"]
[EventCountry "USA"]
[SourceTitle "EXT 2007"]
[Source "ChessBase"]
[SourceDate "2006.11.23"]
[SourceVersion "1"]
[SourceVersionDate "2006.11.23"]
[SourceQuality "1"]

1. e4 c5 2. Nf3 d6 3. Nc3 Nf6 4. Bc4 g6 5. e5 Ng4 6. Bxf7+ Kxf7 7. Ng5+ Kg7 8. e6 Nh6 9. Qf3 Qe8 10. b3 Kg8 11. Nd5 Na6 12. 0-0 Bg7 13. Rb1 Bf6 14. Nxf6+ exf6 15. Qxf6 Qf8 16. Qc3 d5 17. d4 Qg7 18. Bb2 Rb8 19. Qe3 Kf8 20. Qf3+ Ke7 21. dxc5 d4 22. Qf4 Rd8 23. Rbd1 Nf5 24. g4 Nh6 25. Bxd4 Qf8 26. Qe4 Qg8 27. Be3 Rxd1 28. Rxd1 Nc7 29. Nf3 Qg7 30. Bg5+ Qf6 31. Bxf6+ Kxf6 32. g5+ Kg7 33. Qe5+ Kf8 34. Rd8+ Ne8 35. Qf6+ 1-0